Loading...
| Science - Physics | 0 | 5 | 2 | 1 | 40 | 101 | 119.00 | 0 | 0 |
| Science - Biology | 0 | 4 | 1 | 1 | 35 | 94 | 108.50 | 0 | 0 |
| Social Science | 0 | 3 | 0 | 2 | 30 | 117 | 128.33 | 0 | 0 |
| Science - Chemistry | 0 | 3 | 0 | 0 | 30 | 104 | 116.67 | 0 | 0 |
| Any History | 0 | 3 | 1 | 0 | 25 | 125 | 132.33 | 0 | 0 |
| Science - Other Science | 0 | 3 | 1 | 2 | 25 | 82 | 117.00 | 0 | 0 |
| Painting & Sculpture | 0 | 1 | 0 | 0 | 10 | 133 | 133.00 | 0 | 0 |
| History - European History | 0 | 1 | 0 | 0 | 10 | 92 | 92.00 | 0 | 0 |
| Literature - British Literature | 0 | 1 | 0 | 0 | 10 | 99 | 99.00 | 0 | 0 |
| Mythology | 0 | 1 | 0 | 0 | 10 | 81 | 81.00 | 0 | 0 |
| Geography | 0 | 1 | 0 | 0 | 10 | 118 | 118.00 | 0 | 0 |
| History - American History | 0 | 1 | 1 | 0 | 5 | 118 | 118.00 | 0 | 0 |
| Religion | 0 | 0 | 0 | 0 | 0 | 0.00 | 0 | 0 | |
| Current Events | 0 | 0 | 0 | 0 | 0 | 0.00 | 0 | 0 | |
| Other Academic | 0 | 0 | 1 | 0 | -5 | 0.00 | 0 | 0 | |
| Fine Arts - Classical Music | 0 | 0 | 1 | 0 | -5 | 0.00 | 0 | 0 | |
| Literature - American Literature | 0 | 0 | 1 | 0 | -5 | 0.00 | 0 | 0 | |
| Fine Arts - Other Fine Arts | 0 | 0 | 2 | 0 | -10 | 0.00 | 0 | 0 |